Banjo & Kazooie/Tooie Worlds - Statistics

General Stats
  • This quiz has been taken 232 times
    230 since last reset
  • The average score is 10 of 17
Answer Stats
World % Correct
Mumbo's Mountain
90%
Treasure Trove Cove
81%
Clanker's Cavern
76%
Mad Monster Mansion
73%
Gobi's Valley
72%
Rusty Bucket Bay
71%
Bubblegloop Swamp
67%
Witchyworld
61%
Glitter Gulch Mine
54%
Freezeezy Peak
53%
Jolly Roger's Lagoon
48%
Mayahem Temple
48%
Click Clock Woods
45%
Hailfire Peak
44%
Terrydactyland
43%
Cloud Cuckoo Land
42%
Grunty Industries
39%
No matching quizzes found
Score Distribution
Percent of People with Each Score
Percentile by Number Answered
Your Score History
You have not taken this quiz since the last reset